00490nam a2200181Ia 450000500170000000800410001702000180005804000190007604100120009508200170010710000220012424500560014626000330020230000180023550400190025365000260027285000100029820221114111950.0131103s9999 xx 000 0 und d aSBN 330023225 aLoreto College aEnglish a954.03 bEDW aEdwardes, Michael aRajb the story of British India cMichael Edwardes aLondonbPan Books Ltd.c1967 a384 p.b ill. aIncludes index aIndian Modern History aLCLIB